Statistics for music trivia: 20th century composers and their music

Click here to take the quiz!

General Stats

  • This quiz has been taken 77 times
  • The average score is 10 of 15

Answer Stats

These 20th century pieces were written......by these 20th century composers% Correct
Suite for Toy Piano, 4'33", Variations III for Any Number of People Performing Any ActionsJohn Cage
89%
15 Symphonies, 15 String Quartets, 24 Preludes and Fugues, The Sun Shines Over our MotherlandDmitri Shostakovich
84%
Turandot, La fanciulla del West, Madama Butterfly, Gianni SchicchiGiacomo Puccini
77%
Das Lied von der Erde, Kindertotenlieder, Das Knaben WunderhornGustav Mahler
73%
Liturgy of St. John Chrysostom, Rhapsody on a Theme of Paganini, The BellsSergei Rachmaninoff
70%
Central Park in the Dark, Three Places in New England, The Unanswered QuestionCharles Ives
69%
Noye's Fludde, War Requiem, Seven Sonnets of MichelangeloBenjamin Britten
67%
Lieutenant Kije, Alexander Nevsky, The Love for Three OrangesSergei Prokofiev
67%
Gurre-Lieder, Pierrot Lunaire, Moses und Aron, A Survivor from WarsawArnold Schoenberg
63%
Quatuor pour la fin du temps, Turangalila-Symphonie, La Transfiguration de Notre Seigneur Jesus-ChristOlivier Messiaen
61%
Songs from Liquid Days, Einstein on the Beach, Music in Twelve PartsPhilip Glass
58%
Chichester Psalms, Elegy for Mippy I-III, Prelude, Fugue and Riffs, CandideLeonard Bernstein
56%
Fratres, Fur Alina, Tabula Rasa, Kanon PokajanenArvo Part
55%
It's Gonna Rain, Tehillim, Clapping Music, New York CounterpointSteve Reich
45%
In C, A Rainbow in Curved Air, Alome Dances for PeaceTerry Riley
31%

Score Distribution

Percentile by Number Answered

Percent of People with Each Score

Your Score History

You have not taken this quiz